Folklore stories - Statistics

General Stats
  • This quiz has been taken 16 times
  • The average score is 14 of 169
Answer Stats
Answer % Correct
Cinderella
82%
Jack and the Beanstalk
64%
Snow White
64%
Little Red Riding Hood
55%
Rapunzel
55%
Pinocchio
45%
Puss in Boots
45%
Sleeping Beauty
45%
The Wizard of Oz
45%
Beauty and the Beast
36%
Chiken Little
36%
Hansel and Gretal
36%
Plumber's Lost Gold
36%
The Little Mermaid
36%
The Snow Queen
36%
Goldilocks and the Three Bears
27%
The Boy Who Cried Wolf
27%
The Swan Princess
27%
The Tortoise and the Hare
27%
Three Little Pigs
27%
Bloody Mary
18%
Humpty Dumpty
18%
Itsy Bitsy Spider
18%
John the Baptist
18%
Little Miss Muffet
18%
Romeo and Juliet
18%
Rumpelstiltskin
18%
The Gingerbread Man
18%
The Loch Ness Monster
18%
The Nutcracker
18%
The Sphinx
18%
The Ugly Duckling
18%
The Wendigo
18%
Alice in Wonderland
9%
Baba Yaga
9%
Billy Goats Gruff
9%
Daniel and the Lion's Den
9%
Death
9%
Easter Sunday
9%
Goliath
9%
Hercules
9%
Icarus
9%
Illuminati
9%
Jesus's Birth
9%
Knight in Shining Armour
9%
Little Boy Blue
9%
Little Jack Horner
9%
London Bridge
9%
Monday's Child
9%
Mulan
9%
Noah's Arc
9%
Rip Van Winkle
9%
Robin Hood
9%
The Ants and the Grasshopper
9%
The First Fire
9%
The First Santa Claus
9%
The Jersey Devil
9%
The Land Before Time
9%
The Little Engine That Could
9%
The Little Old Woman Who Lived in a Shoe
9%
The Maiden Without Hands
9%
The Man in the Moon
9%
The Minotaur
9%
The Muffin Man
9%
The Night Before Christmas
9%
The Trojan Horse
9%
Thumbelina
9%
Typhoon
9%
101 Dalmations
0%
Achilles Heel
0%
Adam and Eve
0%
Alexander The Great
0%
Alladin
0%
Arachne
0%
Atlantis
0%
Atlas and the Sky
0%
Baker's Dozen
0%
Blacbeard
0%
Black Sheep
0%
California
0%
Captain Kidd
0%
Chimera
0%
Cleopatra
0%
Davy Jone's Locker
0%
Desperaux
0%
Doomsday
0%
Dracula
0%
Dr Jeckel and Mr Hyde
0%
Dwarka
0%
El Dorado
0%
Erik and Enide
0%
Exodus
0%
Frankenstein's Monster
0%
Frosty The Snowman
0%
Galway
0%
Hamlet
0%
Hey Diddle Diddle
0%
Hush-a-Bye Baby
0%
Hush Little Baby
0%
Jack and Jill
0%
Jack of the Lantern
0%
Jesus's Crusufixion
0%
King Arthur and the Round Table
0%
King Soloman
0%
King Tut's Curse
0%
Le Befana
0%
Little Bo Peep Lost Her Sheep
0%
Mama Luna and Her Cats
0%
Mart Mary Quite Contrary
0%
Mary Had a Little Lamb
0%
Mobey Dick
0%
Mother Goose's Nursery Rhymes
0%
Old McDonald Had a Farm
0%
Pachahontas
0%
Pandora's Box
0%
Perseus
0%
Peter Pan and Wendy
0%
Pied Piper
0%
Pompeii
0%
Princess Diana
0%
Ring Around the Rozies
0%
Serengetti
0%
St Patrick
0%
St Valentine
0%
Swan Lake
0%
Tales of the Great Thunderbird
0%
Tarzan
0%
The Ant and the Dove
0%
The Banshee
0%
The Bermuda Triangle
0%
The Chinese Zodiac
0%
The Djinn
0%
The Emporer's New Clothes
0%
The Fountain of Youth
0%
The Fox and the Stork
0%
The Great Phoenix
0%
The Griffon
0%
The Hanging Gardens of Babylon
0%
The Hungry Little Caterpillar
0%
The Jinx
0%
The Kelpie
0%
The Lone Ranger and Toronto
0%
The Lost Princess of Russia
0%
The Louis and Clark Expedition
0%
The Lycan Legacy
0%
The Mahogony Ship
0%
The Many Adventures of Maui
0%
The Mariana Trench
0%
The Matterhorn
0%
The Midas Touch
0%
The Mulberry Bush
0%
The Newfoundland Voyage
0%
The Polynesian Voyage
0%
The Princess and the Pea
0%
The Raven
0%
There Was an Old Lady Who Swallowed a Fly
0%
The Samurai Warrior
0%
The Sandman and the Boogeyman
0%
The Seven Suns
0%
The Shrunken Ship of the Lilliputians
0%
The Town Mouse and the Country Mouse
0%
The Unicorn
0%
The Wind In The Willows
0%
The Wishing Star
0%
Three Blind Mice
0%
Three Musketeers
0%
Twinkle Twinkle Little Star
0%
Where the Watermelon Rot
0%
Woman of Wonder
0%
No matching quizzes found
Score Distribution
Percent of People with Each Score
Percentile by Number Answered
Your Score History
You have not taken this quiz